000 00462nam a2200169Ia 4500
008 090711s9999 xx 000 0 und d
082 _b190
100 _aकाकडे द. स.
245 _aमॅडम
260 _bएस.के. पब्लिशिंग हाऊस
_c1998
300 _a158
600 _aकाकडे द. स.
630 _aमॅडम
700 _aकाकडे द. स.
730 _aमॅडम
942 _cBOOK
999 _c328380
_d328380